000 00382nam a22001697a 4500
003 MPLRDC
005 20220104144314.0
008 210129b ||||| |||| 00| 0 eng d
082 _a810.9 XKWX
100 _a不详
245 _a世界文学大纲
_c
250 _a初版
260 _a
_b香港文学出版社
_c1956
300 _b
650 _a
942 _cBK
_o810.9 XKWX
999 _c48339
_d48329